000 00515nam a2200217Ia 4500
008 170918s9999 xx 000 0 und d
020 _a9780439560535
050 _bS783 2003
100 _aStamper, Judith B.
245 _aRocky road trip /
245 _cJudith Bauer Stamper.
260 _aNew York :
260 _bScholastic,
260 _c2003
300 _a89 pages :
300 _bcolored illustration ;
300 _c19cm.
440 _aThe magic school bus ;
440 _v20
500 _a600
999 _c341903
_d341903